000 00289nam a2200121Ia 4500
008 190216s9999||||xx |||||||||||||| ||und||
100 _aChoudhary.B
245 0 _aElements Of Complex Analysis
260 _bWiley Eastern Ltd
_c1983
300 _a262p
650 _aMathematics
942 _cBK
999 _c30903
_d30903